| 000 | 00795nam a2200229 a 4500 | ||
|---|---|---|---|
| 001 | BRCA_7872 | ||
| 005 | 20190320210031.0 | ||
| 008 | 191113s1965----gw-a######---#000-0#ger-# | ||
| 041 | _ager | ||
| 044 | _agw | ||
| 050 | 4 |
_aNK7150 _b.G65 1965 |
|
| 245 | 1 | 0 |
_aGold und silber _bbeschreibendes und kristisches verzeichnis der goldschmiedearbeiten des 12-18 jahrhunderts. |
| 260 |
_aDortmund, Alemania _bMuseum fur Kunst and Kulturgeschichte Dortmund _c1965 |
||
| 300 |
_a1 v. (sin paginación) _bil. (algunas a color), 133 láminas _c23 cm. |
||
| 500 | _aY133 | ||
| 650 | 1 | 4 |
_aOrfebrería _xHistoria _zAlemania _919475 |
| 650 | 1 | 4 |
_aPlatería _xHistoria _zAlemania _919476 |
| 650 | 1 | 4 |
_aGalerías y museos _zAlemania _95059 |
| 650 | 1 | 4 |
_aMarcas de orfebrería _99229 |
| 902 | _aGFM | ||
| 942 |
_2lcc _cB |
||
| 999 |
_c7546 _d7546 |
||